000 00791nam a2200241 i 4500
003 DO-SdBNP
005 20231116080257.0
007 ta
008 110413s1972 dr 000 j spa d
040 _aDO-SdBNP
_bspa
_cBNPHU
_erda
082 _bC748
_222
110 2 _aConferencia del episcopado dominicano
_bSecretariado Nacional de Pastoral de Conjunto
_943723
245 1 0 _aAsambleas familiares :
_b(primera serie) /
264 1 _aSanto Domingo :
_b[Secretariado Nacional de Pastoral de Conjunto],
_c1972.
300 _a[44] páginas
_c21 cm.
336 _2rdacontent
_atexto
_btxt
337 _2rdamedia
_asin mediación
_bn
338 _2rdacarrier
_avolumen
_bnc
500 _aAño de renovación, 1972.
590 _aInventariado, 2023/ YL
910 _aYLockward
942 _2ddc
_cLF2
999 _c55509
_d55509